アー写から乃木坂46のメンバーを当てるクイズ - Statistics

General Stats
  • This quiz has been taken 72 times
  • The average score is 28 of 39
Answer Stats
Picture Answer % Correct
小川彩
96%
中西アルノ
88%
一ノ瀬美空
88%
柴田柚菜
86%
筒井あやめ
86%
吉田綾乃クリスティー
86%
賀喜遥香
86%
大越ひなの
84%
遠藤さくら
84%
井上和
84%
五百城茉央
84%
弓木奈於
82%
田村真佑
82%
岡本姫奈
80%
岩本蓮加
78%
池田瑛紗
75%
冨里奈央
73%
矢久保美緒
73%
菅原咲月
73%
久保史緒里
73%
長嶋凛桜
71%
奥田いろは
71%
林瑠奈
69%
金川紗耶
69%
伊藤理々杏
69%
梅澤美波
69%
矢田萌華
67%
川﨑桜
65%
黒見明香
65%
松尾美佑
63%
鈴木佑捺
61%
川端晃菜
61%
増田三莉音
59%
瀬戸口心月
59%
佐藤璃果
57%
小津玲奈
51%
森平麗心
49%
海邉朱莉
49%
愛宕心響
47%
No matching quizzes found
Score Distribution
Percent of People with Each Score
Percentile by Number Answered
Your Score History
You have not taken this quiz